000 00775nam a2200241Ia 4500
005 20260430150342.0
008 008 250103s9999 xx 000 0 eng d
037 _aTheses
040 _aCRL
040 _beng
040 _ceng
041 _2eng
041 _aeng
084 _qCRL
100 _aYadav Navneesh Au.; Srivastava Tapasya Gu.; Thelma B.K. Gu.
_91237230
245 0 _aCharacterization of RIC-3, a Chaperone Protein of Neuronal Receptors, with Emerging Implications for Brain Disorder (S) Using CRISPR/Cas9 Editing in a Cellular Model
260 _c2022
300 _a189p.
650 _aGenetics
700 _aUniversity of Delhi. Faculty of Inter- Disciplinary & Applied Science. Deptt. of Genetics
942 _cTH
999 _c1849578
_d1849578